Central Library OPAC University of Rajshahi

হাঁসের খামার ব্যবস্থাপনা / (Record no. 47662)

MARC details
000 -LEADER
fixed length control field 00856nam a22002297a 4500
001 - CONTROL NUMBER
control field 47662
003 - CONTROL NUMBER IDENTIFIER
rucl marc code BD-RjUL
005 - DATE AND TIME OF LATEST TRANSACTION
control field 20211209054349.0
008 - FIXED-LENGTH DATA ELEMENTS--GENERAL INFORMATION
fixed length control field 160810s2009 bg ||||| |||| 00| 0 ben d
020 ## - INTERNATIONAL STANDARD BOOK NUMBER
International Standard Book Number 984074805X
Terms of availability : TK 155.00
035 ## - SYSTEM CONTROL NUMBER
System control number (BD-RjUL)47781
040 ## - CATALOGING SOURCE
Original cataloging agency BD-RjUL
Language of cataloging ben
Transcribing agency BD-RjUL
041 ## - LANGUAGE CODE
Language code of text/sound track or separate title ben
082 ## - DEWEY DECIMAL CLASSIFICATION NUMBER
Edition number 23
Classification number 636.597
Author mark and year MIH 2009
100 ## - MAIN ENTRY--PERSONAL NAME
Personal name মিয়া, মোঃ আবদুর রাজ্জাক
9 (RLIN) 117816
245 10 - TITLE STATEMENT
Title হাঁসের খামার ব্যবস্থাপনা /
Statement of responsibility, etc. মোঃ আবদুর রাজ্জাক মিয়া
260 ## - PUBLICATION, DISTRIBUTION, ETC. (IMPRINT)
Place of publication, distribution, etc. ঢাকা :
Name of publisher, distributor, etc. বাংলা একাডেমী,
Date of publication, distribution, etc. ২০০৯
300 ## - PHYSICAL DESCRIPTION
Pagination [৮], ১৭৬ পৃ. :
Illustrations চিত্র ;
Size ২১ সেমি.
650 ## - SUBJECT ADDED ENTRY--TOPICAL TERM
Topical term or geographic name as entry element হাঁস
9 (RLIN) 144827
Topical term or geographic name as entry element Duck
9 (RLIN) 144828
942 ## - ADDED ENTRY ELEMENTS (KOHA)
Source of classification or shelving scheme Dewey Decimal Classification
Koha item type Books
Holdings
Lost status Source of classification or shelving scheme Damaged status Not for loan Collection code Permanent Location Current Location Shelving location Date acquired Source of acquisition Cost, normal purchase price Total Checkouts Full call number Date last seen Copy number Koha item type
  Dewey Decimal Classification     Non-fiction Central Library, University of Rajshahi Central Library, University of Rajshahi   25/07/2010 Bangla Academy, Dhaka 155.00   B 636.597 MIH 2009 10/08/2016 C-2 Books
  Dewey Decimal Classification   Not For Loan Non-fiction Central Library, University of Rajshahi Central Library, University of Rajshahi Reading Room 25/07/2012 Dhaka, Bangla Academy 155.00   B 636.597 MIH 2009 22/04/2017 C-1 Books